00498nam a2200157Ia 450000500170000000800410001708200130005810000200007124500290009126000590012030000130017965000320019294200060022495200950023099900150032520240531012044.0240331s9999 xx 000 0 und d bANAa340 aAnandarajah,T.E 0aPolicecT.E. Anandarajah aColombobInternational Cerntre for Ethic Studiesc2001 a52 p .,  aLaw Enforcement in srilanka cL 001040708LaWERCLbWERCLcSSCd2024-03-31l0o 340 ANAp6592r2024-03-31w2024-03-31yL c5011d5011